LEADER 00940nam a2200253 i 4500 001 000000197766 003 CaOOAMICUS 005 20140709000000.0 008 140709s1938 it u000 u ita u 013 $a176453 040 $aSeMil$bita 100 1 $aCordonnier, Charles.$0(OLS)http://semarc/name/71575 245 13$aLa madonna /$cCh. Cordonnier ; a cura di Giovanni Montali. 260 $aSiena :$bCantagalli,$c1938. 300 $a190 p. ;$c20 cm. 500 $aFondo card. Giovanni Colombo. 650 4$aMadonna - Studi.$0(OLS)http://semarc/subject/1437 700 1 $aMontali, Giovanni .$0(OLS)http://semarc/name/10294 850 $aSeMil 852 $aSeMil$W1$xVenegono$y1$m3GC II 136$j148322$B148322$CSeMilBibl$Z2$F159741 $8B 941 1 $a3 961 $aLascito: Colombo Card. Giovanni 996 $6245$aLa madonna$9(OLS)http://semarc/title/285622 996 $6260$aSiena :$bCantagalli$9(OLS)http://semarc/publisher/29767 LEADER 01212nam a2200289 i 4500 001 000000073113 003 CaOOAMICUS 005 20090327000000.0 008 090327s1998 it u000 u ita u 013 $a44285 020 $a88-211-6687-2 040 $aSeMil$bita 100 1 $aTocco, Felice.$0(OLS)http://semarc/name/36199 245 10$aSavonarola, profeta e ribelle /$cFelice Tocco ; a cura di Fulvio De Giorgi. 260 $aGenova :$bMarietti,$c1998. 300 $a146 p. ;$c21 cm. 490 0 $aCollana di saggistica ;$v76 600 14$aSavonarola, Girolamo .$0(OLS)http://semarc/subject/1591 650 4$aTocco, Felice.$0(OLS)http://semarc/subject/14831 700 1 $aDe Giorgi, Fulvio,$d<1956- >.$0(OLS)http://semarc/name/10118 830 0$aCollana di saggistica ;$v76.$0(OLS)http://semarc/title/10422 850 $aSeMil 852 $aSeMil$W1$xVenegono$y1$m3A III 266$j39266$B39266$CSeMilBibl$Z2$F39269 $81 961 $aOmaggio: Casa editrice 996 $6020$a88-211-6687-2$9(OLS)http://semarc/number/52509 996 $6245$aSavonarola, profeta e ribelle$9(OLS)http://semarc/title/118045 996 $6260$aGenova :$bMarietti$9(OLS)http://semarc/publisher/29997